00729nam a2200241Ia 4500008004000000020001500040041000800055082001800063100002300081245005000104260002500154300000800179650001000187650001200197650001100209650001000220650001200230650001400242690001900256906001100275999001900286952018200305210210b2002 xxu||||| |||| 00| 0 eng d a0439981085 aeng a954.0317 MITI aMITCHELL (Pratima) aIndian mutiny: Hanuman Singh, India 1857-1858 aUKbScholasticc2002 a160 aSingh amutiny: aIndian aIndia aHanuman a1857-1858 aIndian History a066431 c147696d147696 001040708HistoryaALbALcHistoryd2021-02-17eAthree Book Centre Balmatta, Mangalore-01g100.00l2m1o954.0317 MITIp066431r2025-09-09 08:50:01s2025-08-18w2021-02-17yBK